| 000 | 00582cam a2200205 a 4500 | ||
|---|---|---|---|
| 020 | _a007252815X (acidfree paper) | ||
| 040 | _cDLC | ||
| 082 | 0 | 0 | _a550 MCG 2005 A035 Or. |
| 100 | 1 | _aPlummer, Charles C., | |
| 245 | 1 | 0 | _aPhysical geology / |
| 250 | _a10th ed. / | ||
| 260 |
_aBoston : _bMcGraw-Hill, _cc2005. |
||
| 300 |
_axix, 580 p. : _bill. (some col.) ; _c29 cm. |
||
| 500 | _aIncludes index. | ||
| 650 | 0 | _aPhysical geology. | |
| 700 | 1 | _aMcGeary, David. | |
| 700 | 1 | _aCarlson, Diane H. | |
| 856 | 4 | 1 | _uhttp://www.loc.gov/catdir/toc/ecip049/2003020861.html |
| 942 | _cEK | ||
| 999 |
_c12696 _d12696 |
||